| 000 | 00590nam a22001937a 4500 | ||
|---|---|---|---|
| 999 |
_c22817 _d22817 |
||
| 003 | OSt | ||
| 005 | 20210816110638.0 | ||
| 008 | 170214b xxu||||| |||| 00| 0 eng d | ||
| 020 | _a9780385516228 | ||
| 040 |
_aMMU _cMMU _dMMU _beng |
||
| 050 | 0 | 0 | _aHD30.28.R384 2007 |
| 100 | 1 | _aRaynor, Michael E. | |
| 245 | 1 | 4 |
_aThe strategy paradox : _bWhy committing to success leads to failure, and what to do about it / _cMichael E. Raynor. |
| 250 | _a1st ed. | ||
| 260 |
_aNew York : _bCurrency Doubleday, _c2007. |
||
| 300 |
_axi, 303 p. : _bill. ; |
||
| 650 | 0 | _aStrategy | |
| 942 |
_2lcc _cLOAN LOAN |
||